Planning academic and research library buildings / (Record no. 75183)

MARC details
000 -LEADER
fixed length control field 00848nam a22002537a 4500
005 - DATE AND TIME OF LATEST TRANSACTION
control field 20130508113206.0
010 ## - LCCN (DPL NO)
LC control number ENG-107002
020 ## - INTERNATIONAL STANDARD BOOK NUMBER
International Standard Book Number 9788170005896
Terms of availability 3850.00
035 ## - SYSTEM CONTROL NUMBER
System control number EN-90535
037 ## - SOURCE OF ACQUISITION
Source of stock number/acquisition DBAD/PUB
082 ## - DEWEY DECIMAL CLASSIFICATION NUMBER
Classification number 022.317
100 ## - MAIN ENTRY--PERSONAL NAME
Personal name Leighton, Philip D.
245 ## - TITLE STATEMENT
Title Planning academic and research library buildings /
Statement of responsibility, etc by Philip D. Leighton [and] David C. Weber
250 ## - EDITION STATEMENT
Edition statement 3rd ed
260 ## - PUBLICATION, DISTRIBUTION, ETC. (IMPRINT)
Place of publication, distribution, etc New Delhi
Name of publisher, distributor, etc ESS ESS Publications
Date of publication, distribution, etc 2011
270 ## - ADDRESS
Address 4837/24, Ansari Road, Daryaganj
City New Delhi
Postal code 110002
300 ## - PHYSICAL DESCRIPTION
Extent xvi,887p. :
Dimensions 29cm(Hb)
Other physical details ill.,maps
500 ## - GENERAL NOTE
General note Includes index
650 ## - SUBJECT ADDED ENTRY--TOPICAL TERM
Topical term or geographic name as entry element Library architecture
Geographic subdivision United States.
650 ## - SUBJECT ADDED ENTRY--TOPICAL TERM
Topical term or geographic name as entry element Academic libraries
Geographic subdivision United States.
650 ## - SUBJECT ADDED ENTRY--TOPICAL TERM
Topical term or geographic name as entry element Research libraries
Geographic subdivision United States.
700 ## - ADDED ENTRY--PERSONAL NAME
Personal name Weber, David C.
942 ## - ADDED ENTRY ELEMENTS (KOHA)
Source of classification or shelving scheme Dewey Decimal Classification
Item type English Books
Classification part 022.317
Call number suffix LEI
Holdings
Withdrawn status Lost status Not for loan Collection code Home library Current library Date acquired Source of acquisition Cost, normal purchase price Full call number Barcode Copy number Cost, replacement price Koha item type
    Not For Loan Non-fiction D.B.Act.Division D.B.Act.Division 07/05/2013 DBAD/PUB 3850.00 022.317 LEI EN-90535 1 3850.00 English Books

© Delhi Public Library
Hit Counter
free hit counter